LEADER 01290nam a2200301 i 4500 001 000000060407 003 CaOOAMICUS 005 20140502000000.0 008 140502s1988 it u000 u ita u 013 $a31579 020 $a88-7016-O65-3 040 $aSeMil$bita 100 1 $aSchottroff, Luise.$0(OLS)http://semarc/name/30738 245 10$aGesł di Nazareth, speranza dei poveri /$cLuise Schottroff, Wolfgang Stegemann. 260 $aTorino :$bClaudiana,$ccopyr. 1988. 300 $a215 p. ;$c21 cm. 490 0 $aPiccola collana moderna ;$v53 490 0 $aPiccola collana moderna. Serie biblica 500 $aContiene : Abbreviazioni bibliografiche. 600 04$aGesł Cristo.$0(OLS)http://semarc/subject/712 700 1 $aStegemann, Wolfgang.$0(OLS)http://semarc/name/30739 830 0$aPiccola collana moderna ;$v53.$0(OLS)http://semarc/title/7078 830 0$aPiccola collana moderna. Serie biblica.$0(OLS)http://semarc/title/40540 850 $aSeMil 852 $aSeMil$W1$xVenegono$y1$m2K II 371$j26560$B26560$CSeMilBibl$Z2$F26563 $81 996 $6020$a88-7016-O65-3$9(OLS)http://semarc/number/36474 996 $6245$aGesł di Nazareth, speranza dei poveri$9(OLS)http://semarc/title/94689 996 $6260$aTorino :$bClaudiana$9(OLS)http://semarc/publisher/29837 LEADER 01249nam a2200277 i 4500 001 000000063096 003 CaOOAMICUS 005 20181120161154.0 008 110104s1971 it u000 u ita u 013 $a34268 040 $aSeMil$bita 100 1 $aRavarotto, E.$0(OLS)http://semarc/name/31900 245 13$aLa parola di Dio e il battesimo :$briflessioni esegetico-spirituali sul Lezionario del Battesimo /$cE. Ravarotto, R. Falsini, E. Lodi. 260 $aMilano :$bO.R.,$cstampa 1971. 300 $a128 p. ;$c19 cm. 490 0 $aMeditazioni bibliche [OR] ;$v4 650 4$aBattesimo - Commenti.$0(OLS)http://semarc/subject/9052 700 1 $aLodi, Enzo.$0(OLS)http://semarc/name/21422 700 1 $aFalsini, Rinaldo,$c.$0(OLS)http://semarc/name/314 830 0$aMeditazioni bibliche ;$v4.$0(OLS)http://semarc/title/420015 850 $aSeMil 852 $aSeMil$W1$xVenegono$y1$m3K IV 267$j29249$B29249$CSeMilBibl$Z2$F29252 $81 961 $aOmaggio: Oggioni don Costantino 996 $6245$aLa parola di Dio e il battesimo :$briflessioni esegetico-spirituali sul Lezionario del Battesimo$9(OLS)http://semarc/title/99463 996 $6260$aMilano :$bO.R.$9(OLS)http://semarc/publisher/29789